The Niederzier History Quiz - Statistics

General Stats
  • This quiz has been taken 5 times
    3 since last reset
  • The average score is 3 of 7
Answer Stats
Hint Answer % Correct
In 1814 / 1815 Niederzier became part of this Prussia
100%
First mentioned in a document in this year 898
50%
This country invades in 1794 France
50%
Until 1794, Niederzier was under rule of these people {Jülich} counts
50%
These municipalities merged in 1969 to create Niederzier Niederzier and {Oberzier}
50%
What it was mentioned as Curnillo
0%
This was moved in 1992 by number three (not counts) Lich Steinstrasse
0%
No matching quizzes found
Score Distribution
Percent of People with Each Score
Percentile by Number Answered
Your Score History
You have not taken this quiz since the last reset